000 01083nam0a22002891 4500
001 rc\3251162
005 20250609195819.0
021 _aRU
_b[73-23405]
035 _a(NLR Aleph) 007479644
090 _a7502700
_c7502700
100 _a20130115d1973 |||y0rusy50 ca
101 0 _arus
102 _aRU
105 _aa g |||||
200 1 _aСправочник по монтажу осветительных установок
_fПод ред. Б.А. Делибаша [и др.]
210 _aМосква
_cЭнергия
_d1973
215 _a192 с.
_cчерт.
_d20
320 _aСписок лит.: с. 192 (6 назв.)
606 _aОсветительные установки
_xМонтаж
_jСправочники
_2psbo
700 1 _aЧумаков
_bВ.М.
_gВладимир Михайлович
702 1 _4340
_7ca
_8rus
_aДелибаш
_bБ. А.
_f1908-1978
_gБорис Апостолович
_92642907
_3RU\NLR\AUTH\770273075
801 0 _aRU
_bNLR
_gpsbo
801 1 _aRU
_bELAR
_2rusmarc
852 _aNLR
_j73-3/1572
942 _cBOOK
980 _aNB